| 000 | 00777nam a22002297a 4500 | ||
|---|---|---|---|
| 005 | 20170124110105.0 | ||
| 010 | _aA-114985 | ||
| 020 | _c00.00 | ||
| 035 | _aA-114985 | ||
| 037 | _bCen Lib/Ret | ||
| 040 |
_aDPL _bEN |
||
| 082 |
_a921 _bSHA |
||
| 100 |
_aSharma, Vishnu Datt _927865 |
||
| 245 |
_aThrough two systems : _cby Vishnu Datt Sharma _bencounters and experiences of an I.A.S. officer / |
||
| 260 |
_aNew Delhi _bAssociated Publishing House _c1982 |
||
| 270 |
_bNew Delhi _aNew Market, Karol Bagh _e110005 |
||
| 300 |
_a150p. _c21cm(Hb) |
||
| 500 | _aIncludes index | ||
| 650 |
_aRajasthan (India) -- Politics and government _927866 |
||
| 650 |
_aRajasthan (India) -- Officials and employees -- Biography _927867 |
||
| 942 |
_2ddc _cEN _h921 _mSHA |
||
| 999 |
_c129947 _d129947 |
||